[Event "DEM U18 2025"]
[Site "Willingen GER"]
[Date "2025.06.10"]
[Round "4"]
[White "von Mettenheim, Johannes"]
[Black "Heinrich, John"]
[Result "1-0"]
[Termination "normal"]
[Board "1"]
[BlackTitle "FM"]
[WhiteElo "2367"]
[BlackElo "2359"]
[WhiteClock "00:26:49"]
[BlackClock "00:10:35"]
[PlyCount "67"]
[WhiteFideId "16244818"]
[BlackFideId "16259491"]
[EventCountry "GER"]
[EventRounds "9"]
[EventType "swiss"]
[EventDate "2025.06.07"]

1. d4 {[%clk 01:30:58]} Nf6 {[%clk 01:30:36]} {[%emt 00:00:24]} 2. c4 {[%clk
01:31:24]} {[%emt 00:00:04]} e6 {[%clk 01:30:53]} {[%emt 00:00:14]} 3. Nf3
{[%clk 01:31:43]} {[%emt 00:00:10]} d5 {[%clk 01:30:54]} {[%emt 00:00:31]} 4.
Nc3 {[%clk 01:32:08]} {[%emt 00:00:04]} dxc4 {[%clk 01:30:05]} {[%emt
00:01:19]} 5. e4 {[%clk 01:32:32]} {[%emt 00:00:05]} b5 {[%clk 01:29:46]}
{[%emt 00:00:50]} 6. e5 {[%clk 01:32:57]} {[%emt 00:00:05]} Nd5 {[%clk
01:30:00]} {[%emt 00:00:16]} 7. Nxb5 {[%clk 01:33:22]} {[%emt 00:00:05]} Nb6
{[%clk 01:30:03]} {[%emt 00:00:26]} 8. Be3 {[%clk 01:33:32]} {[%emt 00:00:20]}
Nc6 {[%clk 01:27:27]} {[%emt 00:03:06]} 9. a3 {[%clk 01:33:31]} {[%emt
00:00:32]} Be7 {[%clk 01:24:03]} {[%emt 00:03:54]} 10. Be2 {[%clk 01:33:53]}
{[%emt 00:00:07]} O-O {[%clk 01:22:40]} {[%emt 00:01:53]} 11. Qc2 {[%clk
01:34:20]} {[%emt 00:00:04]} Ba6 {[%clk 01:18:30]} {[%emt 00:04:39]} 12. Nc3
{[%clk 01:34:45]} {[%emt 00:00:06]} Nd5 {[%clk 01:09:56]} {[%emt 00:09:03]} 13.
Qa4 {[%clk 01:29:24]} {[%emt 00:05:51]} Bb7 {[%clk 01:08:26]} {[%emt 00:02:00]}
14. Qxc4 {[%clk 01:24:37]} {[%emt 00:05:16]} Na5 {[%clk 01:05:49]} {[%emt
00:03:08]} 15. Qa4 {[%clk 01:17:35]} {[%emt 00:07:32]} c5 {[%clk 01:05:10]}
{[%emt 00:01:09]} 16. Nxd5 {[%clk 01:11:20]} {[%emt 00:06:45]} Bxd5 {[%clk
01:05:23]} {[%emt 00:00:16]} 17. dxc5 {[%clk 01:11:44]} {[%emt 00:00:07]} Nb3
{[%clk 01:04:20]} {[%emt 00:01:33]} 18. Rd1 {[%clk 01:11:53]} {[%emt 00:00:21]}
Nxc5 {[%clk 00:56:42]} {[%emt 00:08:08]} 19. Qg4 {[%clk 01:12:08]} {[%emt
00:00:15]} Kh8 {[%clk 00:51:18]} {[%emt 00:05:55]} 20. O-O {[%clk 01:10:59]}
{[%emt 00:01:37]} Rb8 {[%clk 00:44:47]} {[%emt 00:07:03]} 21. b4 {[%clk
01:01:44]} {[%emt 00:09:44]} Na4 {[%clk 00:44:53]} {[%emt 00:00:25]} 22. Rc1
{[%clk 00:59:03]} {[%emt 00:03:10]} Qd7 {[%clk 00:37:46]} {[%emt 00:07:37]} 23.
b5 {[%clk 00:53:23]} {[%emt 00:06:09]} Nb6 {[%clk 00:34:27]} {[%emt 00:03:50]}
24. a4 {[%clk 00:53:25]} {[%emt 00:00:28]} f5 {[%clk 00:29:01]} {[%emt
00:05:57]} 25. exf6 {[%clk 00:50:15]} {[%emt 00:03:39]} gxf6 {[%clk 00:29:24]}
{[%emt 00:00:06]} 26. a5 {[%clk 00:43:22]} {[%emt 00:07:24]} Nc8 {[%clk
00:27:09]} {[%emt 00:02:45]} 27. Rfd1 {[%clk 00:38:44]} {[%emt 00:05:07]} Rg8
{[%clk 00:25:56]} {[%emt 00:01:44]} 28. Qh3 {[%clk 00:38:58]} {[%emt 00:00:16]}
Bd8 {[%clk 00:23:29]} {[%emt 00:02:57]} 29. Bc4 {[%clk 00:31:13]} {[%emt
00:08:15]} Ne7 {[%clk 00:22:39]} {[%emt 00:01:21]} 30. Bd4 {[%clk 00:30:24]}
{[%emt 00:01:18]} Rg6 {[%clk 00:13:39]} {[%emt 00:09:30]} 31. Ne5 {[%clk
00:25:42]} {[%emt 00:05:12]} fxe5 {[%clk 00:12:20]} {[%emt 00:01:48]} 32. Bxe5+
{[%clk 00:26:08]} {[%emt 00:00:05]} Kg8 {[%clk 00:12:39]} {[%emt 00:00:10]} 33.
Bxd5 {[%clk 00:26:26]} {[%emt 00:00:13]} Nxd5 {[%clk 00:10:35]} {[%emt
00:02:35]} 34. Bxb8 {[%clk 00:26:49]} {[%emt 00:00:07]} 1-0

[Event "DEM U18 2025"]
[Site "Willingen GER"]
[Date "2025.06.10"]
[Round "4"]
[White "Möller, Maurin"]
[Black "Petrovskiy, Vadym"]
[Result "0-1"]
[Termination "normal"]
[Board "2"]
[WhiteTitle "FM"]
[BlackTitle "IM"]
[WhiteElo "2336"]
[BlackElo "2432"]
[WhiteClock "00:08:24"]
[BlackClock "00:19:15"]
[PlyCount "56"]
[WhiteFideId "16265696"]
[BlackFideId "14165210"]
[EventCountry "GER"]
[EventRounds "9"]
[EventType "swiss"]
[EventDate "2025.06.07"]

1. e4 {[%clk 01:30:54]} {[%emt 00:00:05]} c5 {[%clk 01:30:07]} {[%emt
00:00:46]} 2. c3 {[%clk 01:31:19]} {[%emt 00:00:12]} d5 {[%clk 01:29:48]}
{[%emt 00:00:50]} 3. exd5 {[%clk 01:31:42]} {[%emt 00:00:07]} Nf6 {[%clk
01:30:14]} {[%emt 00:00:03]} 4. Qa4+ {[%clk 01:32:00]} {[%emt 00:00:12]} Nbd7
{[%clk 01:30:32]} {[%emt 00:00:13]} 5. Qb3 {[%clk 01:27:17]} {[%emt 00:05:13]}
g6 {[%clk 01:30:43]} {[%emt 00:00:19]} 6. Nf3 {[%clk 01:18:34]} {[%emt
00:09:12]} Bg7 {[%clk 01:30:54]} {[%emt 00:00:19]} 7. Be2 {[%clk 01:10:44]}
{[%emt 00:08:19]} O-O {[%clk 01:31:06]} {[%emt 00:00:18]} 8. O-O {[%clk
01:11:02]} {[%emt 00:00:12]} b6 {[%clk 01:31:09]} {[%emt 00:00:29]} 9. Rd1
{[%clk 01:05:25]} {[%emt 00:06:06]} Bb7 {[%clk 01:20:47]} {[%emt 00:10:52]} 10.
c4 {[%clk 01:05:37]} {[%emt 00:00:18]} e6 {[%clk 01:20:56]} {[%emt 00:00:22]}
11. dxe6 {[%clk 01:05:15]} {[%emt 00:00:52]} fxe6 {[%clk 01:21:24]} {[%emt
00:00:02]} 12. d4 {[%clk 01:04:50]} {[%emt 00:00:56]} Qc7 {[%clk 00:55:00]}
{[%emt 00:26:53]} 13. h3 {[%clk 00:39:15]} {[%emt 00:26:04]} Ne4 {[%clk
00:46:40]} {[%emt 00:08:50]} 14. Be3 {[%clk 00:38:06]} {[%emt 00:01:39]} cxd4
{[%clk 00:40:04]} {[%emt 00:07:08]} 15. Bxd4 {[%clk 00:34:19]} {[%emt
00:04:15]} Bxd4 {[%clk 00:38:54]} {[%emt 00:01:40]} 16. Rxd4 {[%clk 00:34:43]}
{[%emt 00:00:06]} Nxf2 {[%clk 00:27:46]} {[%emt 00:11:38]} 17. Kxf2 {[%clk
00:29:48]} {[%emt 00:05:26]} Nc5 {[%clk 00:26:47]} {[%emt 00:01:29]} 18. Qd1
{[%clk 00:22:33]} {[%emt 00:07:45]} e5 {[%clk 00:26:15]} {[%emt 00:01:02]} 19.
b4 {[%clk 00:22:49]} {[%emt 00:00:14]} exd4 {[%clk 00:24:23]} {[%emt 00:02:22]}
20. bxc5 {[%clk 00:23:13]} {[%emt 00:00:06]} Bxf3 {[%clk 00:20:43]} {[%emt
00:04:09]} 21. gxf3 {[%clk 00:09:43]} {[%emt 00:14:00]} Qh2+ {[%clk 00:20:41]}
{[%emt 00:00:33]} 22. Kf1 {[%clk 00:09:29]} {[%emt 00:00:43]} Rae8 {[%clk
00:18:43]} {[%emt 00:02:28]} 23. Nd2 {[%clk 00:08:45]} {[%emt 00:01:13]} Re3
{[%clk 00:17:32]} {[%emt 00:01:42]} 24. Rb1 {[%clk 00:07:53]} {[%emt 00:01:22]}
d3 {[%clk 00:17:45]} {[%emt 00:00:18]} 25. Bxd3 {[%clk 00:08:08]} {[%emt
00:00:15]} Rxd3 {[%clk 00:18:09]} {[%emt 00:00:06]} 26. Qe2 {[%clk 00:07:37]}
{[%emt 00:00:59]} Rxd2 {[%clk 00:18:26]} {[%emt 00:00:15]} 27. Qe6+ {[%clk
00:08:02]} {[%emt 00:00:05]} Kg7 {[%clk 00:18:49]} {[%emt 00:00:07]} 28. Qe7+
{[%clk 00:08:24]} {[%emt 00:00:07]} Rf7 {[%clk 00:19:15]} {[%emt 00:00:05]} 0-1

[Event "DEM U18 2025"]
[Site "Willingen GER"]
[Date "2025.06.10"]
[Round "4"]
[White "Ohler, Julius"]
[Black "Stützer, Kiran"]
[Result "1-0"]
[Termination "normal"]
[Board "3"]
[WhiteTitle "FM"]
[WhiteElo "2301"]
[BlackElo "1869"]
[WhiteClock "01:02:35"]
[BlackClock "00:30:20"]
[PlyCount "91"]
[WhiteFideId "16238982"]
[BlackFideId "34665374"]
[EventCountry "GER"]
[EventRounds "9"]
[EventType "swiss"]
[EventDate "2025.06.07"]

1. d4 {[%clk 01:30:57]} {[%emt 00:00:02]} Nf6 {[%clk 01:30:53]} {[%emt
00:00:07]} 2. c4 {[%clk 01:31:23]} {[%emt 00:00:05]} e6 {[%clk 01:31:16]}
{[%emt 00:00:08]} 3. Nf3 {[%clk 01:31:48]} {[%emt 00:00:04]} b6 {[%clk
01:31:40]} {[%emt 00:00:06]} 4. g3 {[%clk 01:32:14]} {[%emt 00:00:04]} Ba6
{[%clk 01:32:04]} {[%emt 00:00:06]} 5. Qa4 {[%clk 01:32:40]} {[%emt 00:00:04]}
c5 {[%clk 01:28:25]} {[%emt 00:04:10]} 6. Bg2 {[%clk 01:32:43]} {[%emt
00:00:26]} Bb7 {[%clk 01:28:20]} {[%emt 00:00:35]} 7. dxc5 {[%clk 01:33:07]}
{[%emt 00:00:06]} bxc5 {[%clk 01:27:55]} {[%emt 00:00:55]} 8. O-O {[%clk
01:33:25]} {[%emt 00:00:12]} Be7 {[%clk 01:27:49]} {[%emt 00:00:36]} 9. Rd1
{[%clk 01:33:41]} {[%emt 00:00:14]} O-O {[%clk 01:27:50]} {[%emt 00:00:30]} 10.
Nc3 {[%clk 01:34:06]} {[%emt 00:00:05]} Qb6 {[%clk 01:25:39]} {[%emt 00:02:40]}
11. Bf4 {[%clk 01:33:53]} {[%emt 00:00:43]} Rd8 {[%clk 01:23:27]} {[%emt
00:02:41]} 12. Rd2 {[%clk 01:33:07]} {[%emt 00:01:16]} Ne4 {[%clk 01:21:57]}
{[%emt 00:02:00]} 13. Nxe4 {[%clk 01:31:35]} {[%emt 00:02:03]} Bxe4 {[%clk
01:22:19]} {[%emt 00:00:08]} 14. Rad1 {[%clk 01:28:38]} {[%emt 00:03:26]} d6
{[%clk 01:18:39]} {[%emt 00:04:11]} 15. Bxd6 {[%clk 01:14:10]} {[%emt
00:14:58]} Nc6 {[%clk 01:10:09]} {[%emt 00:08:59]} 16. Bxe7 {[%clk 01:13:44]}
{[%emt 00:00:56]} Nxe7 {[%clk 01:07:50]} {[%emt 00:02:50]} 17. Ne5 {[%clk
01:09:53]} {[%emt 00:04:22]} Bxg2 {[%clk 01:07:05]} {[%emt 00:01:14]} 18. Rxd8+
{[%clk 01:09:07]} {[%emt 00:01:17]} Rxd8 {[%clk 01:07:18]} {[%emt 00:00:17]}
19. Rxd8+ {[%clk 01:09:30]} {[%emt 00:00:08]} Qxd8 {[%clk 01:07:36]} {[%emt
00:00:11]} 20. Kxg2 {[%clk 01:09:55]} {[%emt 00:00:04]} Qa8+ {[%clk 01:05:57]}
{[%emt 00:02:10]} 21. Kg1 {[%clk 01:10:02]} {[%emt 00:00:22]} Nf5 {[%clk
01:03:34]} {[%emt 00:02:53]} 22. Qc6 {[%clk 01:06:25]} {[%emt 00:04:08]} Qxc6
{[%clk 01:01:44]} {[%emt 00:02:21]} 23. Nxc6 {[%clk 01:06:50]} {[%emt
00:00:04]} Nd6 {[%clk 01:01:20]} {[%emt 00:00:53]} 24. b3 {[%clk 01:06:50]}
{[%emt 00:00:30]} a6 {[%clk 01:01:07]} {[%emt 00:00:45]} 25. f3 {[%clk
01:05:04]} {[%emt 00:02:15]} f6 {[%clk 00:58:16]} {[%emt 00:03:21]} 26. Nd8
{[%clk 01:05:01]} {[%emt 00:00:33]} e5 {[%clk 00:58:03]} {[%emt 00:00:43]} 27.
Ne6 {[%clk 01:05:26]} {[%emt 00:00:05]} Nb7 {[%clk 00:57:48]} {[%emt 00:00:45]}
28. Nc7 {[%clk 01:05:26]} {[%emt 00:00:30]} a5 {[%clk 00:57:45]} {[%emt
00:00:33]} 29. Nd5 {[%clk 01:04:26]} {[%emt 00:01:31]} Kf7 {[%clk 00:56:46]}
{[%emt 00:01:28]} 30. Nc3 {[%clk 01:04:37]} {[%emt 00:00:18]} Ke6 {[%clk
00:55:12]} {[%emt 00:02:04]} 31. Kf2 {[%clk 01:04:49]} {[%emt 00:00:19]} g5
{[%clk 00:51:56]} {[%emt 00:03:46]} 32. g4 {[%clk 01:01:02]} {[%emt 00:04:16]}
f5 {[%clk 00:50:11]} {[%emt 00:02:16]} 33. Kg3 {[%clk 00:57:04]} {[%emt
00:04:28]} Nd8 {[%clk 00:40:40]} {[%emt 00:10:01]} 34. h3 {[%clk 00:52:10]}
{[%emt 00:05:25]} h6 {[%clk 00:34:57]} {[%emt 00:06:13]} 35. Kf2 {[%clk
00:51:10]} {[%emt 00:01:30]} Kf6 {[%clk 00:29:45]} {[%emt 00:05:43]} 36. Nd5+
{[%clk 00:49:07]} {[%emt 00:02:32]} Ke6 {[%clk 00:29:16]} {[%emt 00:00:59]} 37.
Ne3 {[%clk 00:46:16]} {[%emt 00:03:21]} f4 {[%clk 00:27:43]} {[%emt 00:02:03]}
38. Nd5 {[%clk 00:45:37]} {[%emt 00:01:09]} Kd6 {[%clk 00:24:49]} {[%emt
00:03:24]} 39. Ke1 {[%clk 00:42:22]} {[%emt 00:03:45]} Nc6 {[%clk 00:23:00]}
{[%emt 00:02:19]} 40. Nc3 {[%clk 00:42:27]} {[%emt 00:00:24]} Nd8 {[%clk
00:17:48]} {[%emt 00:05:43]} 41. Kd2 {[%clk 00:42:41]} {[%emt 00:00:16]} Ne6
{[%clk 00:14:32]} {[%emt 00:03:45]} 42. Kd3 {[%clk 00:42:55]} {[%emt 00:00:17]}
Ng7 {[%clk 00:11:09]} {[%emt 00:03:54]} 43. Nb5+ {[%clk 00:33:33]} {[%emt
00:09:51]} Ke6 {[%clk 00:09:45]} {[%emt 00:01:54]} 44. Na7 {[%clk 00:33:34]}
{[%emt 00:00:30]} h5 {[%clk 00:00:42]} {[%emt 00:09:33]} 45. Nc6 {[%clk
00:33:00]} {[%emt 00:01:03]} h4 {[%clk 00:30:20]} {[%emt 00:00:53]} 46. Nxa5
{[%clk 01:02:35]} {[%emt 00:00:55]} 1-0

[Event "DEM U18 2025"]
[Site "Willingen GER"]
[Date "2025.06.10"]
[Round "4"]
[White "Guo, Philipp Ziming"]
[Black "Fuhrmann, Bahne"]
[Result "1/2-1/2"]
[Termination "normal"]
[Board "4"]
[BlackTitle "FM"]
[WhiteElo "2219"]
[BlackElo "2256"]
[WhiteClock "00:19:40"]
[BlackClock "00:09:27"]
[PlyCount "137"]
[WhiteFideId "16245199"]
[BlackFideId "16244842"]
[EventCountry "GER"]
[EventRounds "9"]
[EventType "swiss"]
[EventDate "2025.06.07"]

1. e4 {[%clk 01:30:56]} {[%emt 00:00:03]} e6 {[%clk 01:30:55]} {[%emt
00:00:06]} 2. d4 {[%clk 01:30:58]} {[%emt 00:00:29]} d5 {[%clk 01:31:20]}
{[%emt 00:00:04]} 3. Nd2 {[%clk 01:31:23]} {[%emt 00:00:05]} c5 {[%clk
01:31:46]} {[%emt 00:00:05]} 4. exd5 {[%clk 01:31:48]} {[%emt 00:00:04]} exd5
{[%clk 01:32:11]} {[%emt 00:00:05]} 5. Ngf3 {[%clk 01:32:08]} {[%emt 00:00:09]}
Nc6 {[%clk 01:32:38]} {[%emt 00:00:05]} 6. Bb5 {[%clk 01:32:25]} {[%emt
00:00:12]} Qe7+ {[%clk 01:33:02]} {[%emt 00:00:05]} 7. Qe2 {[%clk 01:28:07]}
{[%emt 00:04:49]} Qxe2+ {[%clk 01:33:17]} {[%emt 00:00:15]} 8. Kxe2 {[%clk
01:27:26]} {[%emt 00:01:11]} a6 {[%clk 01:33:31]} {[%emt 00:00:17]} 9. Bxc6+
{[%clk 01:26:42]} {[%emt 00:01:14]} bxc6 {[%clk 01:33:54]} {[%emt 00:00:07]}
10. Re1 {[%clk 01:23:03]} {[%emt 00:04:07]} f6 {[%clk 01:34:06]} {[%emt
00:00:20]} 11. Kf1+ {[%clk 01:17:33]} {[%emt 00:05:58]} Kd7 {[%clk 01:26:53]}
{[%emt 00:07:44]} 12. dxc5 {[%clk 01:11:43]} {[%emt 00:06:21]} Bxc5 {[%clk
01:26:44]} {[%emt 00:00:39]} 13. c4 {[%clk 01:03:56]} {[%emt 00:08:17]} Ne7
{[%clk 01:08:03]} {[%emt 00:19:10]} 14. cxd5 {[%clk 00:52:03]} {[%emt
00:12:23]} cxd5 {[%clk 01:03:04]} {[%emt 00:05:30]} 15. Nb3 {[%clk 00:49:52]}
{[%emt 00:02:38]} Bb4 {[%clk 01:02:29]} {[%emt 00:01:08]} 16. Bd2 {[%clk
00:39:45]} {[%emt 00:10:36]} Bxd2 {[%clk 00:56:57]} {[%emt 00:06:02]} 17. Nfxd2
{[%clk 00:40:09]} {[%emt 00:00:05]} a5 {[%clk 00:56:21]} {[%emt 00:01:08]} 18.
Nc5+ {[%clk 00:36:25]} {[%emt 00:04:13]} Kd6 {[%clk 00:49:47]} {[%emt
00:07:04]} 19. Rac1 {[%clk 00:35:50]} {[%emt 00:01:04]} Nc6 {[%clk 00:47:40]}
{[%emt 00:02:38]} 20. Red1 {[%clk 00:28:06]} {[%emt 00:08:14]} Rd8 {[%clk
00:40:28]} {[%emt 00:07:42]} 21. Ndb3 {[%clk 00:24:21]} {[%emt 00:04:14]} a4
{[%clk 00:36:04]} {[%emt 00:04:55]} 22. Nd4 {[%clk 00:22:03]} {[%emt 00:02:47]}
Nxd4 {[%clk 00:28:28]} {[%emt 00:08:07]} 23. Rxd4 {[%clk 00:22:28]} {[%emt
00:00:05]} Ba6+ {[%clk 00:28:08]} {[%emt 00:00:51]} 24. Nxa6 {[%clk 00:22:31]}
{[%emt 00:00:25]} Rxa6 {[%clk 00:28:32]} {[%emt 00:00:07]} 25. Rxd5+ {[%clk
00:22:08]} {[%emt 00:00:53]} Kxd5 {[%clk 00:27:21]} {[%emt 00:01:42]} 26. Rd1+
{[%clk 00:22:32]} {[%emt 00:00:04]} Ke5 {[%clk 00:21:30]} {[%emt 00:06:22]} 27.
Rxd8 {[%clk 00:20:14]} {[%emt 00:02:47]} a3 {[%clk 00:17:25]} {[%emt 00:04:37]}
28. b3 {[%clk 00:15:55]} {[%emt 00:04:49]} Rc6 {[%clk 00:17:36]} {[%emt
00:00:19]} 29. Ke2 {[%clk 00:14:32]} {[%emt 00:01:53]} Rc1 {[%clk 00:17:23]}
{[%emt 00:00:43]} 30. Rd1 {[%clk 00:12:57]} {[%emt 00:02:05]} Rc2+ {[%clk
00:15:25]} {[%emt 00:02:28]} 31. Rd2 {[%clk 00:13:22]} {[%emt 00:00:05]} Rc1
{[%clk 00:15:20]} {[%emt 00:00:36]} 32. Ke3 {[%clk 00:09:34]} {[%emt 00:04:17]}
g5 {[%clk 00:13:45]} {[%emt 00:02:05]} 33. h3 {[%clk 00:05:08]} {[%emt
00:04:55]} f5 {[%clk 00:12:41]} {[%emt 00:01:35]} 34. Rd7 {[%clk 00:02:21]}
{[%emt 00:03:16]} Rc2 {[%clk 00:12:24]} {[%emt 00:00:48]} 35. Rd2 {[%clk
00:02:40]} {[%emt 00:00:10]} Rc1 {[%clk 00:11:50]} {[%emt 00:01:05]} 36. b4
{[%clk 00:01:22]} {[%emt 00:01:48]} Rb1 {[%clk 00:10:11]} {[%emt 00:02:08]} 37.
Rd3 {[%clk 00:01:44]} {[%emt 00:00:08]} f4+ {[%clk 00:09:28]} {[%emt 00:01:14]}
38. Kf3 {[%clk 00:01:58]} {[%emt 00:00:15]} Rxb4 {[%clk 00:08:36]} {[%emt
00:01:23]} 39. Rxa3 {[%clk 00:01:12]} {[%emt 00:01:15]} h5 {[%clk 00:08:10]}
{[%emt 00:00:55]} 40. Ra5+ {[%clk 00:01:33]} {[%emt 00:00:09]} Kf6 {[%clk
00:08:36]} {[%emt 00:00:05]} 41. g3 {[%clk 00:28:15]} {[%emt 00:03:48]} fxg3
{[%clk 00:29:52]} {[%emt 00:09:14]} 42. Kxg3 {[%clk 00:28:25]} {[%emt
00:00:20]} Rc4 {[%clk 00:28:19]} {[%emt 00:02:04]} 43. Kg2 {[%clk 00:25:43]}
{[%emt 00:03:10]} Kg6 {[%clk 00:22:52]} {[%emt 00:05:58]} 44. a4 {[%clk
00:25:31]} {[%emt 00:00:42]} Rb4 {[%clk 00:13:43]} {[%emt 00:09:39]} 45. Ra8
{[%clk 00:25:29]} {[%emt 00:00:32]} Kg7 {[%clk 00:11:57]} {[%emt 00:02:17]} 46.
a5 {[%clk 00:25:01]} {[%emt 00:00:57]} Ra4 {[%clk 00:11:37]} {[%emt 00:00:49]}
47. a6 {[%clk 00:25:01]} {[%emt 00:00:31]} Ra3 {[%clk 00:10:59]} {[%emt
00:01:08]} 48. a7 {[%clk 00:25:06]} {[%emt 00:00:24]} Kh7 {[%clk 00:11:03]}
{[%emt 00:00:27]} 49. f3 {[%clk 00:22:00]} {[%emt 00:03:36]} Ra2+ {[%clk
00:08:53]} {[%emt 00:02:40]} 50. Kg3 {[%clk 00:21:42]} {[%emt 00:00:49]} Ra3
{[%clk 00:08:30]} {[%emt 00:00:52]} 51. Kf2 {[%clk 00:21:44]} {[%emt 00:00:27]}
Ra2+ {[%clk 00:06:02]} {[%emt 00:03:00]} 52. Kg3 {[%clk 00:20:19]} {[%emt
00:01:53]} Ra3 {[%clk 00:06:23]} {[%emt 00:00:10]} 53. Kg2 {[%clk 00:20:44]}
{[%emt 00:00:05]} Ra2+ {[%clk 00:06:11]} {[%emt 00:00:42]} 54. Kf1 {[%clk
00:21:09]} {[%emt 00:00:04]} Ra1+ {[%clk 00:06:17]} {[%emt 00:00:25]} 55. Ke2
{[%clk 00:21:29]} {[%emt 00:00:08]} Ra2+ {[%clk 00:06:39]} {[%emt 00:00:09]}
56. Ke3 {[%clk 00:21:48]} {[%emt 00:00:10]} Ra3+ {[%clk 00:06:40]} {[%emt
00:00:30]} 57. Ke4 {[%clk 00:22:04]} {[%emt 00:00:12]} g4 {[%clk 00:05:46]}
{[%emt 00:01:26]} 58. hxg4 {[%clk 00:21:00]} {[%emt 00:01:32]} hxg4 {[%clk
00:06:08]} {[%emt 00:00:08]} 59. fxg4 {[%clk 00:20:56]} {[%emt 00:00:34]} Kg7
{[%clk 00:06:27]} {[%emt 00:00:11]} 60. Kd5 {[%clk 00:20:10]} {[%emt 00:01:17]}
Ra1 {[%clk 00:06:32]} {[%emt 00:00:25]} 61. Kc4 {[%clk 00:17:58]} {[%emt
00:02:42]} Rc1+ {[%clk 00:06:44]} {[%emt 00:00:18]} 62. Kb3 {[%clk 00:18:24]}
{[%emt 00:00:04]} Ra1 {[%clk 00:07:10]} {[%emt 00:00:04]} 63. g5 {[%clk
00:18:44]} {[%emt 00:00:10]} Ra6 {[%clk 00:07:34]} {[%emt 00:00:05]} 64. g6
{[%clk 00:18:57]} {[%emt 00:00:17]} Ra1 {[%clk 00:07:51]} {[%emt 00:00:13]} 65.
Kc3 {[%clk 00:19:06]} {[%emt 00:00:22]} Ra6 {[%clk 00:08:14]} {[%emt 00:00:07]}
66. Kb4 {[%clk 00:18:44]} {[%emt 00:00:51]} Ra1 {[%clk 00:08:39]} {[%emt
00:00:06]} 67. Kc5 {[%clk 00:19:07]} {[%emt 00:00:06]} Rc1+ {[%clk 00:09:01]}
{[%emt 00:00:09]} 68. Kb6 {[%clk 00:19:24]} {[%emt 00:00:13]} Rb1+ {[%clk
00:09:27]} {[%emt 00:00:05]} 69. Kc7 {[%clk 00:19:40]} {[%emt 00:00:13]}
1/2-1/2

[Event "DEM U18 2025"]
[Site "Willingen GER"]
[Date "2025.06.10"]
[Round "4"]
[White "Reichmann, Felix"]
[Black "Strehse, Nelson"]
[Result "1/2-1/2"]
[Termination "normal"]
[Board "5"]
[WhiteTitle "CM"]
[WhiteElo "2138"]
[BlackElo "2168"]
[WhiteClock "01:01:43"]
[BlackClock "01:21:31"]
[PlyCount "35"]
[WhiteFideId "16238290"]
[BlackFideId "16228898"]
[EventCountry "GER"]
[EventRounds "9"]
[EventType "swiss"]
[EventDate "2025.06.07"]

1. c4 {[%clk 01:30:56]} {[%emt 00:00:05]} Nf6 {[%clk 01:30:55]} {[%emt
00:00:04]} 2. Nf3 {[%clk 01:30:29]} {[%emt 00:00:57]} c5 {[%clk 01:31:16]}
{[%emt 00:00:09]} 3. Nc3 {[%clk 01:30:43]} {[%emt 00:00:17]} Nc6 {[%clk
01:31:38]} {[%emt 00:00:08]} 4. g3 {[%clk 01:30:53]} {[%emt 00:00:18]} d5
{[%clk 01:32:00]} {[%emt 00:00:08]} 5. d4 {[%clk 01:30:38]} {[%emt 00:00:45]}
cxd4 {[%clk 01:25:57]} {[%emt 00:06:34]} 6. Nxd4 {[%clk 01:30:57]} {[%emt
00:00:11]} dxc4 {[%clk 01:26:20]} {[%emt 00:00:07]} 7. Nxc6 {[%clk 01:30:39]}
{[%emt 00:00:48]} Qxd1+ {[%clk 01:26:41]} {[%emt 00:00:08]} 8. Nxd1 {[%clk
01:31:05]} {[%emt 00:00:04]} bxc6 {[%clk 01:27:03]} {[%emt 00:00:08]} 9. Bg2
{[%clk 01:31:20]} {[%emt 00:00:16]} Nd5 {[%clk 01:27:27]} {[%emt 00:00:06]} 10.
Ne3 {[%clk 01:31:09]} {[%emt 00:00:41]} e6 {[%clk 01:27:50]} {[%emt 00:00:06]}
11. Nxc4 {[%clk 01:30:13]} {[%emt 00:01:26]} Ba6 {[%clk 01:28:02]} {[%emt
00:00:18]} 12. Na5 {[%clk 01:28:08]} {[%emt 00:02:35]} Rc8 {[%clk 01:28:23]}
{[%emt 00:00:09]} 13. Bd2 {[%clk 01:22:53]} {[%emt 00:05:45]} Be7 {[%clk
01:28:05]} {[%emt 00:00:47]} 14. Rc1 {[%clk 01:17:56]} {[%emt 00:05:27]} c5
{[%clk 01:28:34]} {[%emt 00:00:02]} 15. Nc4 {[%clk 01:08:01]} {[%emt 00:10:25]}
Nb6 {[%clk 01:28:24]} {[%emt 00:00:38]} 16. Na5 {[%clk 01:01:42]} {[%emt
00:06:51]} Nd5 {[%clk 01:21:15]} {[%emt 00:07:39]} 17. Nc4 {[%clk 01:01:43]}
{[%emt 00:00:28]} Nb6 {[%clk 01:21:31]} {[%emt 00:00:16]} 18. Na5 {[%emt
00:06:19]} 1/2-1/2